| 000 | 00516nam a22001457a 4500 | ||
|---|---|---|---|
| 005 | 20150202145226.0 | ||
| 008 | 150202b xxu||||| |||| 00| 0 eng d | ||
| 050 |
_aTX 911.3.M27 _b.D812 2014 |
||
| 100 | _aDuarosan, Sheenah. | ||
| 245 |
_aOasis bay cruises / _cSheena Duarosan, Vanjo Cuenca, and Alex Bangcoy. |
||
| 260 |
_aPhilippines, Las PiƱas City : _bSouthville International School and Colleges, _cc2014. |
||
| 300 |
_a71 pages : _bcolored illustrations ; _c28 cm. |
||
| 521 | _aTourism | ||
| 942 |
_2lcc _cTH _kLOC |
||
| 999 |
_c282518 _d282518 |
||